000
00279nam a22001217a 4500
999
_c
158250
_d
158250
082
_a
_b
100
_a
Allison W L
245
_a
The religious life of India the sadhs/
_c
by Allison W L.
260
_a
New Delhi:
_b
Anmol,
_c
1985.
300
_a
127p.
650
_a
942
_c
BK